Balkan Countries in Order of Size - Statistics

General Stats
  • This quiz has been taken 25 times
  • The average score is 6 of 11
Answer Stats
Answer % Correct
1 Romania
100%
2 Greece
73%
3 Bulgaria
64%
4 Serbia
59%
5 Croatia
50%
6 Bosnia and Herz.
45%
11 Kosovo
45%
10 Montenegro
45%
8 North Macedonia
45%
7 Albania
41%
9 Slovenia
41%
No matching quizzes found
Score Distribution
Percent of People with Each Score
Percentile by Number Answered
Your Score History
You have not taken this quiz